| 000 | 00865cam a2200289Ii 4500 | ||
|---|---|---|---|
| 001 | 49765 | ||
| 005 | 20230411085959.0 | ||
| 008 | 790924s1978 dr a b 000 0 eng d | ||
| 035 | _a(OCoLC)ocm05418902 | ||
| 040 |
_aTEU _cTEU _dOCL _dOCLCQ |
||
| 035 | _a(OCoLC)5418902 | ||
| 043 | _acc----- | ||
| 090 |
_aF1619 _b.T231g1978. |
||
| 049 | _aGRAL | ||
| 100 | 1 | _aTavares, Julia. | |
| 245 | 1 | 0 |
_aGuide to Caribbean prehistory / _cJulia Tavares. |
| 260 |
_aSanto Domingo : _bMuseo del Hombre Dominicano, _c1978. |
||
| 300 |
_a[20] p. : _bill. ; _c20 cm. |
||
| 490 | 1 |
_aSerie Catálogos y memorias ; _vno. 6 |
|
| 500 | _aCover title. | ||
| 504 | _aIncludes bibliographical references (p. [19]). | ||
| 651 | 0 |
_aCaribbean Area _xAntiquities. |
|
| 830 | 0 |
_aSerie Catálogos y memorias ; _vno. 6. |
|
| 942 |
_2lcc _cbk |
||
| 946 | _aclperez | ||
| 994 |
_aC0 _bDRFGD |
||
| 999 |
_c110408 _d110408 |
||